| 000 | 02194nam a22005177a 4500 | ||
|---|---|---|---|
| 003 | CHAP | ||
| 005 | 20220817042759.0 | ||
| 008 | 971013s1966 r 00010 d | ||
| 010 | _a55362 | ||
| 011 | _a56334 | ||
| 035 | _a60487 | ||
| 040 | _cCHAP | ||
| 082 |
_a338.9 _bA38 |
||
| 100 | 0 | 0 |
_aAguilar Monteverde, Alonso. _92774 |
| 245 | _aTeoría y técnica de la planificación económica | ||
| 260 |
_aChapingo, Méx. : _bENA. Departamento de Economía Agrícola, _c1966 |
||
| 300 | _a261 p. | ||
| 490 | _aSerie apuntes | ||
| 501 | _aEnc. con : Lange, Oskar. Fundamentos de la planeación económica | ||
| 590 |
_aBATCH-UPD _b10 _c20130110 _lUCH01 _h1247 |
||
| 590 |
_aBATCH-UPD _b10 _c20130410 _lUCH01 _h0810 |
||
| 590 |
_aBATCH-UPD _b10 _c20130914 _lUCH01 _h1916 |
||
| 590 |
_aCONVERSION _b10 _c20130109 _lUCH01 _h1330 |
||
| 650 | 1 | 4 |
_aPlanificación. _988736 |
| 650 | 1 | 4 | _aPolítica económica. |
| 830 | 0 |
_aSerie apuntes _9104599 |
|
| 901 | _aBK | ||
| 942 | _cLIBRO | ||
| 949 |
_a338.9 A38 _bBC _cBPA _d-134802 _eBPA _fc.10 _h13595 _i60487 _si |
||
| 949 |
_a338.9 A38 _bBC _cBPA _d-134803 _eBPA _fc.11 _h13596 _i60487 _si |
||
| 949 |
_a338.9 A38 _bBC _cBPA _d-134805 _eBPA _fc.13 _h13598 _i60487 _si |
||
| 949 |
_a338.9 A38 _bBC _cBPA _d-134806 _eBPA _fc.14 _h13599 _i60487 _si |
||
| 949 |
_a338.9 A38 _bBC _cBPA _d-134808 _eBPA _fc.16 _h13601 _i60487 _si |
||
| 949 |
_a338.9 A38 _bBC _cBPA _d-134809 _eBPA _fc.17 _h13602 _i60487 _si |
||
| 949 |
_a338.9 A38 _bBC _cBPA _d-134810 _eBPA _fc.18 _h13603 _i60487 _si |
||
| 949 |
_a338.9 A38 _bBC _cBPA _d-134811 _eBPA _fc.19 _h13604 _i60487 _si |
||
| 949 |
_a338.9 A38 _bBC _cBPA _d-134812 _eBPA _fc.20 _h13605 _i60487 _si |
||
| 949 |
_a338.9 A38 _bBC _cBPA _d-134813 _eBPA _fc.21 _h13606 _i60487 _si |
||
| 949 |
_a338.9 A38 _bBC _cBPA _d-134814 _eBPA _fc.22 _h13607 _i60487 _si |
||
| 949 |
_a338.9 A38 _bBC _cBPA _d-153542 _eBPA _i60487 _si |
||
| 949 |
_a338.9 A38 _bBC _cBPP _d-134815 _eBPA _fc.25 _h13608 _i60487 _si |
||
| 949 |
_a338.9 A38 _bBC _cLIBRO _d33724000419818 _eLIBRO _fc.3 _i60487 _si |
||
| 949 |
_a338.9 A38 _bBC _cLIBRO _d33724000419826 _eLIBRO _fc.4 _i60487 _si |
||
| 949 |
_a338.9 A38 _bBC _cLIBRO _d33724000419834 _eLIBRO _fc.7 _i60487 _si |
||
| 949 |
_a338.9 A38 _bBC _cUACH _d-134804 _eUACH _fc.12 _h13597 _i60487 _si |
||
| 999 |
_c55362 _d55362 |
||